| 000 | 01665nam a22004457a 4500 | ||
|---|---|---|---|
| 003 | OLSZT 008 | ||
| 005 | 20260331224504.0 | ||
| 008 | 260331s2010 pl 2 000 0 ger d | ||
| 040 |
_aOLSZT 008/bak _bpol _erda _cOLSZT 008/bak |
||
| 041 | 0 |
_ager _beng _bpol |
|
| 045 | 2 |
_bd1919 _bd1939 |
|
| 046 | _k2010 | ||
| 100 | 1 |
_aGąsiorowski, Andrzej _d(1935- ). _eAutor _919377 |
|
| 245 | 1 | 0 |
_aAus der Geschichte der deutschen Touristik in Ostpreussen = _b(Z dziejów niemieckiej turystyki w Prusach Wschodnich) / _cAndrzej Gąsiorowski. |
| 246 | 3 | 1 | _aZ dziejów niemieckiej turystyki w Prusach Wschodnich |
| 260 |
_aOlsztyn : _bWydawnictwo OSW, _c2010. |
||
| 300 |
_aStrony [162]-177 ; _c21 cm. |
||
| 336 |
_aText _btxt _2rdacontent |
||
| 337 |
_aBez urządzenia pośredniczącego _bn _2rdamedia |
||
| 338 |
_aWolumin _bnc _2rdacarrier |
||
| 380 | _aKsiążki | ||
| 380 | _aPublikacje naukowe | ||
| 388 | 1 | _a2001- | |
| 500 | _aOdbitka z: Szkice Humanistyczne / OSW, Tom X nr 2-3, 2010. | ||
| 546 | _aStreszczenie w języku angielskim, niemieckiem i polskim. | ||
| 648 | 7 | _a1901-2000 | |
| 648 | _a1918-1939 | ||
| 650 | 7 |
_aNiemcy (naród) _2DBN _935449 |
|
| 650 | 7 |
_aPodróże _2DBN _937126 |
|
| 650 | 7 |
_aPropaganda _2DBN _937313 |
|
| 650 | 7 |
_aTurystyka _2DBN _935665 |
|
| 651 | 7 |
_aPrusy Wschodnie _2DBN _935154 |
|
| 655 | 7 |
_aArtykuł z czasopisma naukowego _2DBN _936020 |
|
| 658 | 7 | _aKultura fizyczna i sport | |
| 658 | 7 | _aMedia i komunikacja społeczna | |
| 710 | 2 |
_aOlsztyńska Szkoła Wyższa im. Józefa Rusieckiego. _bWydawnictwo. _eWydawca _4pbl _918171 |
|
| 942 |
_2ddc _cBK_NM |
||
| 999 |
_c27393 _d27393 |
||